| 000 | 00648nam a22002411 4500 | ||
|---|---|---|---|
| 001 | 21769 | ||
| 003 | BD-RjUL | ||
| 005 | 20211209000727.0 | ||
| 008 | 140305s1957 enk 000 1 eng d | ||
| 035 | _a(OCoLC)291848 | ||
| 035 | _a(OCoLC)ocm00291848 | ||
| 035 | _a(BD-RjUL)21834 | ||
| 040 |
_aNNC _cPU _dNNC _dBD-RjUL _beng |
||
| 041 | _aeng | ||
| 082 | 0 | 4 |
_a808.839354 _bMOC 1957 |
| 100 | 1 |
_aMorgan, Charles, _d1894-1958. _957459 |
|
| 245 | 1 | 0 |
_aChallenge to Venus / _cCharles Morgan. |
| 260 |
_aLondon : _bMacmillan, _c1957. |
||
| 300 |
_avii, 305 p. ; _c22 cm. |
||
| 650 | 0 |
_aLove stories. _967227 |
|
| 942 |
_2ddc _cBK |
||
| 999 |
_c21769 _d21769 |
||